000 00626nam a2200193Ia 4500
003 GCL
008 140319s9999 xx 000 0 ara d
040 _aGCL /
_cGCL
082 0 4 _a347.08
_bع ت
100 1 _aعدلى خليل
245 1 0 _aالتقادم الجنائى والمدنى فى ضوء احكام النقض /
_cعدلى خليل
260 _a[S.N] :
_bلجنة الاعلام والدراسات المستقبلية ،
_c1992
300 _a447 ص
490 _a
650 0 4 _aالقانون الجنائى
650 0 4 _aالقانون
650 0 4 _aالاجراءات الجنائية
942 _2ddc
_cBK
999 _c49279
_d49279